000 00449cam a2200169Ia 4500
020 _a1555427960
040 _cOCT
082 _a374 JOS 1991 A074 Or.
245 0 0 _aMultisite evaluations /
260 _aSan Francisco :
_bJossey-Bass,
_c1991
300 _a112 p. ;
_c23 cm
650 0 _aEvaluation research (Social action programs)
650 0 _aEducational evaluation
700 1 0 _aTurpin, Robin S
700 1 0 _aSinacore, James M
942 _cEK
999 _c15193
_d15193